01695nam a22004097a 4500003000500000005001700005008004100022010001000063011001000073020001500083035001100098040000900109090001800118100003400136245027700170260009400447300004300541590004100584590004100625590004100666590004100707590004200748650002900790650004200819650002600861650002300887650004300910700003100953700003200984710000901016901000701025905002401032942000901056949006001065999001701125952014301142CHAP20220817044130.0061027d2002 ii d r 00110 eng d a92948 a93920 a9290664517 a104503 cCHAP aFolleto 1715900aWaliyar, Faride, ed.912085510aBeyond the gene horizon:bsustaining agricultural productivity and enhancing livelihoods through opyimization of crop and crop-associated biodiversity with emphasis on semi-arid tropical agroecosystems: proceedings of ...c/ed. by F. Waliyar, L. Collette and P. E. Kenmore aAndhra Pradesh :bInternational Crops Research Institute for the Semi-Arid Tropics,c2002 a38 p. :bgráfs. ; cuadro ; diagramas aBATCH-UPDb10c20130110lUCH01h0458 aBATCH-UPDb10c20130110lUCH01h2152 aBATCH-UPDb10c20130410lUCH01h0136 aBATCH-UPDb10c20130913lUCH01h2225 aCONVERSIONb10c20130109lUCH01h135114aAgricultura sustentable.14aAgriculturaxRegiones áridas.9178114aBiodiversidad.91272414aEcosistema.93529014aRegiones áridasxAgricultura.9956700 aCollette, L.e, ed.9252580 aKenmore, P.E.e, ed.9630260 aFAO. aBK aMarco A. Mendoza T. cFOLL aFolleto 17159bBCcFOLLd33724002008090eTS1i104503sb c92948d92948 00102local4051708FOLLaBCbBCcPA_FOLLETOSd2012-12-17fFOLLl0oFolleto 17159p33724002008090r2019-12-31 00:00:00w2012-12-17yFOLL